Municipios de Chocó - Map Quiz - Estadísticas

Estadísticas generales
  • Esta prueba ha sido intentada 473 veces
  • La puntuación promedio es 19 de 31
Respuestas en el mapa
Las respuestas están codificadas por una escala verde-roja en el mapa de la prueba según el % correcto abajo.
 
Estadísticas de respuestas
Respuesta % Correcto
QUIBDO
98%
BAJO BAUDO
76%
ITSMINA
76%
ALTO BAUDO
72%
BAHIA SOLANO
72%
NUQUI
72%
ACANDI
71%
MEDIO BAUDO
68%
ATRATO
66%
TADO
65%
CONDOTO
64%
RIOSUCIO
64%
MEDIO ATRATO
63%
BOJAYA
62%
LLORO
60%
UNGUIA
58%
EL CARMEN DE ATRATO
56%
JURADO
56%
UNION PANAMERICANA
55%
BELEN DE BAJIRA
54%
CARMEN DEL DARIEN
53%
BAGADO
52%
MEDIO SAN JUAN
51%
EL LITORAL DEL SAN JUAN
50%
NOVITA
50%
SIPI
50%
RIO QUITO
49%
SAN JOSE DEL PALMAR
48%
CERTEGUI
46%
RIO IRO
45%
CANTON DEL SAN PABLO
31%
No se encontraron pruebas coincidentes
Distribución de puntuación
Porcentaje de gente con cada puntuación
Porcentaje por número respondido
Historial de tus puntuaciones
No has intentado esta prueba.